ბათუმის შოთა რუსთაველის სახელმწიფო უნივერსიტეტის ბიბლიოთეკა

საუბრები ძველ ქართულ ლიტერატურაზე : (ბიბ.ჩანაწერი № 54891)

000 -ლიდერი
ფიქსირებული სიგრძის საკონტროლო ველი 01485nam a2200277Ia 4500
001 - საკონტროლო ნომერი
საკონტროლო ველი 21960
003 - საკონტროლო ნომრის იდენტიფიკატორი
საკონტროლო ველი GE_BSU
005 - ბოლო ოპერაციის თარიღი და დრო
საკონტროლო ველი 20220913142153.0
008 - ფიქსირებული სიგრძის მონაცემთა ელემენტები - ზოგადი ინფორმაცია
ფიქსირებული სიგრძის საკონტროლო ველი 181216s2007||||ge |||||||||||||| ||geo||
020 ## - წიგნის საერთაშორისო სტანდარტული ნომერი
International Standard Book Number 9789992842805
040 ## - კატალოგიზაციის წყარო
Transcribing agency GE_BSU
041 ## - ენის კოდი
Language code of text/sound track or separate title geo
080 ## - უნივერსალური ათობითი კლასიფიკაციის ინდექსი
Universal Decimal Classification number 821.353.1.09 მ-92
100 ## - მთავარი ჩანაწერი - პიროვნების სახელი
Personal name მურღულია, გია
9 (RLIN) 14592
245 ## - ცნობა სათაურის შესახებ
Title საუბრები ძველ ქართულ ლიტერატურაზე :
Remainder of title დამხმ. სახელმძღვ. ქართ. ლიტერატურაში /
Statement of responsibility, etc გია მურღულია, გიორგი ალიბეგაშვილი, ვასილ მაღლაფერიძე ; რედ. : რ. თვარაძე [და სხვ.].
264 ## - წარმოების, გამოცემის, დისტრიბუციის და სხვა ცნობები
გამოცემის, წარმოების, დისტრიბუციის... ადგილი თბილისი :
გამოცემის, წარმოების, დისტრიბუციის... სახელწოდება დია,
გამოცემის, წარმოების, დისტრიბუციის... თარიღი 2007.
300 ## - ფიზიკური აღწერა
Extent 336 გვ.;
Dimensions 23 სმ.
653 ## - INDEX TERM--UNCONTROLLED
Uncontrolled term საუბრები ძველ ქართულ ლიტერატურაზე
653 ## - INDEX TERM--UNCONTROLLED
Uncontrolled term ქართული ლიტერატურა
653 ## - INDEX TERM--UNCONTROLLED
Uncontrolled term ქართული ლიტერატურის ისტორია და კრიტიკა
700 ## - ADDED ENTRY--PERSONAL NAME
Personal name ალიბეგაშვილი, გიორგი
Relator term ავტორი
9 (RLIN) 14593
700 ## - ADDED ENTRY--PERSONAL NAME
Personal name მაღლაფერიძე, ვასილ
Relator term ავტორი
9 (RLIN) 14594
700 ## - ADDED ENTRY--PERSONAL NAME
Personal name თვარაძე, რ.
Relator term რედაქტორი
9 (RLIN) 14595
942 ## - ADDED ENTRY ELEMENTS (KOHA)
Koha item type წიგნი
Source of classification or shelving scheme
ეგზემპლარები
ჩამოწერის სტატუსი დაკარგული ეგზემპლარის სტატუსი კლასიფიკაციის წყარო ან თაროზე გაწყობის სქემა დაზიანების სტატუსი არ გაიცემა მუდმივი მდებარეობა (დაცვის ადგილი) ამჟამინდელი ადგილსამყოფელი თაროზე განთავსების ადგილი შეძენის თარიღი ღირებულება, შესყიდვის ნორმალური ფასი სრული შენახვის შიფრი შტრიხკოდი ბოლო ოპერაციის თარიღი ეგზემპლარის მიმდევრობითი ნომერი (კეტერი?) ფასის ძალაში შესვლის თარიღი ეგზემპლარის სახეობა საჯარო შენიშვნა
          ბათუმის შოთა რუსთაველის სახელმწიფო უნივერსიტეტის მთავარი ბიბლიოთეკა ბათუმის შოთა რუსთაველის სახელმწიფო უნივერსიტეტის მთავარი ბიბლიოთეკა წიგნსაცავი 2018-12-17 8.00 821.353.1.09 მ-92 56686 2018-12-17 56686 2018-12-17 წიგნი 8.00₾.
          ბათუმის შოთა რუსთაველის სახელმწიფო უნივერსიტეტის მთავარი ბიბლიოთეკა ბათუმის შოთა რუსთაველის სახელმწიფო უნივერსიტეტის მთავარი ბიბლიოთეკა წიგნსაცავი 2018-12-17 8.00 821.353.1.09 მ-92 56687 2018-12-17 56687 2018-12-17 წიგნი 8.00₾.
          ბათუმის შოთა რუსთაველის სახელმწიფო უნივერსიტეტის მთავარი ბიბლიოთეკა ბათუმის შოთა რუსთაველის სახელმწიფო უნივერსიტეტის მთავარი ბიბლიოთეკა წიგნსაცავი 2018-12-17 8.00 821.353.1.09 მ-92 56688 2018-12-17 56688 2018-12-17 წიგნი 8.00₾.
          ბათუმის შოთა რუსთაველის სახელმწიფო უნივერსიტეტის მთავარი ბიბლიოთეკა ბათუმის შოთა რუსთაველის სახელმწიფო უნივერსიტეტის მთავარი ბიბლიოთეკა წიგნსაცავი 2018-12-17 8.00 821.353.1.09 მ-92 56689 2018-12-17 56689 2018-12-17 წიგნი 8.00₾.
          ბათუმის შოთა რუსთაველის სახელმწიფო უნივერსიტეტის მთავარი ბიბლიოთეკა ბათუმის შოთა რუსთაველის სახელმწიფო უნივერსიტეტის მთავარი ბიბლიოთეკა წიგნსაცავი 2018-12-17 8.00 821.353.1.09 მ-92 56691 2018-12-17 56691 2018-12-17 წიგნი 8.00₾.